000 005400000a22001930004500
090 _aAR
_b00932
245 1 0 _aProspección inicial del valle de Guaramacal
650 1 4 _aCavernas
_993465
650 1 4 _aEspeleología
_94156
650 1 4 _aBioespeleología
_92655
651 4 _lValle de Guaramacal
_pVenezuela
_992749
041 0 _aEspañol
700 1 _aMorales, L.
_994116
700 1 _aRamírez, R.
_994117
700 1 _aTaboada, I.
_994118
100 1 _aHernández, I.
_994119
942 _cARTICULO
773 1 _tHaitol
_3335
_h1
_q1-41
_d1994
999 _c10020
_d10020